| 000 | 01068nam a2200277 i 4500 | ||
|---|---|---|---|
| 001 | bg | ||
| 003 | BPK | ||
| 005 | 20210816082802.0 | ||
| 008 | 990406s1998 pl |000 0 spa | ||
| 015 | _aPB 2000/1592 | ||
| 020 | _a837092042X | ||
| 040 |
_aKR U/MM _dWA N _cBPK |
||
| 041 | 0 | _aspa | |
| 080 | _a1(438)"18/19" | ||
| 100 | 1 |
_aAndrzejewski, Bolesław _d(1946- ) _eAutor |
|
| 245 | 1 | 0 |
_aEsbozos sobre la filosofía polaca / _cBolesław Andrzejewski. |
| 260 |
_aPoznań : _bWydaw. Naukowe Instytutu Filozofii Uniwersytetu im. Adama Mickiewicza, _c1998. |
||
| 300 |
_a95 s. ; _c21 cm. |
||
| 490 | 1 |
_aEscritos Filosoficos ; _vvol. 51. |
|
| 600 | 1 | 4 |
_aKozłowski, Władysław Mieczysław _d(1858-1935) |
| 650 | 4 |
_aFilozofia _xhistoria _zPolska _y19-20 w. |
|
| 710 | 2 |
_aUniwersytet im. Adama Mickiewicza (Poznań). _bInstytut Filozofii. _bWydawnictwo. _4pbl. |
|
| 830 | 0 |
_aEscritos Filosoficos ; _vvol. 51. |
|
| 942 |
_2UKD _cKS |
||
| 856 |
_uhttp://koha.tu.koszalin.pl/cgi-bin/koha/opac-detail.pl?biblionumber=45566 _yKatalog online BPK |
||
| 999 |
_c45566 _d45566 |
||